<?xml version="1.0" encoding="UTF-8"?>
<collection xmlns="http://www.loc.gov/MARC21/slim">
 <record>
  <leader>02145npc a2200349 i 4500</leader>
  <controlfield tag="001">eta1842</controlfield>
  <controlfield tag="005">20211007082154.0</controlfield>
  <controlfield tag="008">190314s2018    hu      o     0||   hun d</controlfield>
  <datafield tag="040" ind1=" " ind2=" ">
   <subfield code="a">SZTE Elektronikus Tananyag Archívum</subfield>
   <subfield code="b">hun</subfield>
  </datafield>
  <datafield tag="041" ind1=" " ind2=" ">
   <subfield code="a">hun</subfield>
  </datafield>
  <datafield tag="100" ind1="2" ind2=" ">
   <subfield code="a">Lippai-Makra Edit</subfield>
  </datafield>
  <datafield tag="245" ind1="1" ind2="0">
   <subfield code="a">Kontrolling </subfield>
   <subfield code="h">[elektronikus dokumentum] :</subfield>
   <subfield code="b">Cash-flow kimutatás : [4. fejezet] /</subfield>
   <subfield code="c"> Lippai-Makra Edit</subfield>
  </datafield>
  <datafield tag="246" ind1="1" ind2="0">
   <subfield code="a">Controlling : [4. chapter]</subfield>
   <subfield code="h">[elektronikus dokumentum]</subfield>
  </datafield>
  <datafield tag="260" ind1=" " ind2=" ">
   <subfield code="c">2018</subfield>
  </datafield>
  <datafield tag="650" ind1=" " ind2="4">
   <subfield code="a">Társadalomtudományok</subfield>
  </datafield>
  <datafield tag="650" ind1=" " ind2="4">
   <subfield code="a">Közgazdasági és gazdálkodástudományok</subfield>
  </datafield>
  <datafield tag="650" ind1=" " ind2="4">
   <subfield code="a">Gazdálkodás és menedzsment</subfield>
  </datafield>
  <datafield tag="695" ind1=" " ind2=" ">
   <subfield code="a">számvitel</subfield>
  </datafield>
  <datafield tag="695" ind1=" " ind2=" ">
   <subfield code="a">kontrolling</subfield>
  </datafield>
  <datafield tag="700" ind1="0" ind2="1">
   <subfield code="a">Rádóczi Zsolt</subfield>
   <subfield code="e">aut</subfield>
  </datafield>
  <datafield tag="856" ind1="4" ind2="0">
   <subfield code="u">https://eta.bibl.u-szeged.hu/1842/16/4.1.1.%20Besz%C3%A1mol%C3%B3-%C3%B6ssze%C3%A1ll%C3%ADt%C3%A1s.pptx</subfield>
   <subfield code="z">Dokumentum-elérés </subfield>
  </datafield>
  <datafield tag="856" ind1="4" ind2="0">
   <subfield code="u">https://eta.bibl.u-szeged.hu/1842/18/4.2.1.%20Nagyfeladat_eredm%C3%A9nykimutat%C3%A1s.mp4</subfield>
   <subfield code="z">Dokumentum-elérés </subfield>
  </datafield>
  <datafield tag="856" ind1="4" ind2="0">
   <subfield code="u">https://eta.bibl.u-szeged.hu/1842/1/4.2.2.%20Nagyfeladat_eredm%C3%A9nykimutat%C3%A1s.docx</subfield>
   <subfield code="z">Dokumentum-elérés </subfield>
  </datafield>
  <datafield tag="856" ind1="4" ind2="0">
   <subfield code="u">https://eta.bibl.u-szeged.hu/1842/19/4.3.1.%20Nagyfeladat_m%C3%A9rleg.mp4</subfield>
   <subfield code="z">Dokumentum-elérés </subfield>
  </datafield>
  <datafield tag="856" ind1="4" ind2="0">
   <subfield code="u">https://eta.bibl.u-szeged.hu/1842/2/4.3.2.%20Nagyfeladat_m%C3%A9rleg.docx</subfield>
   <subfield code="z">Dokumentum-elérés </subfield>
  </datafield>
  <datafield tag="856" ind1="4" ind2="0">
   <subfield code="u">https://eta.bibl.u-szeged.hu/1842/7/4.4.1.%20Cash-flow_kimutat%C3%A1s.ppt</subfield>
   <subfield code="z">Dokumentum-elérés </subfield>
  </datafield>
  <datafield tag="856" ind1="4" ind2="0">
   <subfield code="u">https://eta.bibl.u-szeged.hu/1842/20/4.5.1.%20Cash-flow_kimutat%C3%A1s_s%C3%A9ma.mp4</subfield>
   <subfield code="z">Dokumentum-elérés </subfield>
  </datafield>
  <datafield tag="856" ind1="4" ind2="0">
   <subfield code="u">https://eta.bibl.u-szeged.hu/1842/4/4.5.2.%20Cash-flow_kimutat%C3%A1s_s%C3%A9ma.docx</subfield>
   <subfield code="z">Dokumentum-elérés </subfield>
  </datafield>
  <datafield tag="856" ind1="4" ind2="0">
   <subfield code="u">https://eta.bibl.u-szeged.hu/1842/21/4.6.1.%20Cash-flow_minta_p%C3%A9lda.mp4</subfield>
   <subfield code="z">Dokumentum-elérés </subfield>
  </datafield>
  <datafield tag="856" ind1="4" ind2="0">
   <subfield code="u">https://eta.bibl.u-szeged.hu/1842/6/4.6.2.%20Cash-flow_minta_p%C3%A9lda.docx</subfield>
   <subfield code="z">Dokumentum-elérés </subfield>
  </datafield>
  <datafield tag="856" ind1="4" ind2="0">
   <subfield code="u">https://eta.bibl.u-szeged.hu/1842/22/4.7.1.%20Nagyfeladat_cash-flow_kimutat%C3%A1s.mp4</subfield>
   <subfield code="z">Dokumentum-elérés </subfield>
  </datafield>
  <datafield tag="856" ind1="4" ind2="0">
   <subfield code="u">https://eta.bibl.u-szeged.hu/1842/9/4.7.2.%20Nagyfeladat_cash-flow_kimutat%C3%A1s.docx</subfield>
   <subfield code="z">Dokumentum-elérés </subfield>
  </datafield>
 </record>
</collection>
